Television Anagrams Quiz Stats

 Plays Quiz Updated Jul 6, 2018

Challenge
Share
Tweet
Embed
Score 0/30 Timer 06:00
0 Plays Today
Mixed Word Answer % Correct
TV Shows with Films Based on ThemSTAR TREK
92.2%
Reality Shows Aired During 2013TOP GEAR
89.6%
Sitcoms Broadcast in the '90sSEINFELD
89.2%
Sitcoms Broadcast in the '90sRED DWARF
86.4%
Sitcoms Broadcast in the '90sCHEERS
84.4%
Antiheroes from Cable TelevisionTONY SOPRANO
81.2%
TV Shows with Films Based on ThemFIREFLY
78.2%
Antiheroes from Cable TelevisionWALTER WHITE
77.9%
Sitcoms Broadcast in the '90sFRIENDS
77.7%
Reality Shows Aired During 2013THE BACHELORETTE
76.5%
Emmy-Winning Actresses in DramaEDIE FALCO
74.5%
Antiheroes from Cable TelevisionDON DRAPER
72.5%
Emmy-Winning Actors in ComedyRICKY GERVAIS
70.6%
Emmy-Winning Actors in ComedyRAY ROMANO
70.5%
TV Shows with Films Based on ThemVERONICA MARS
69.9%
Mixed Word Answer % Correct
Reality Shows Aired During 2013SURVIVOR
66.7%
Sitcoms Broadcast in the '90sFRASIER
65.5%
Antiheroes from Cable TelevisionDEXTER MORGAN
63.6%
Antiheroes from Cable TelevisionRICK GRIMES
60.4%
TV Shows with Films Based on ThemTHE SIMPSONS
59.6%
Emmy-Winning Actors in ComedyALEC BALDWIN
54.9%
Emmy-Winning Actresses in DramaDANA DELANY
53.4%
Emmy-Winning Actors in ComedyKELSEY GRAMMER
51.3%
TV Shows with Films Based on ThemCHARLIE'S ANGELS
50.2%
Emmy-Winning Actresses in DramaCLAIRE DANES
47.2%
Emmy-Winning Actors in ComedyTONY SHALHOUB
40.3%
Emmy-Winning Actresses in DramaKYRA SEDGWICK
38.6%
Reality Shows Aired During 2013THE APPRENTICE
38.5%
Emmy-Winning Actresses in DramaGILLIAN ANDERSON
26.6%
Reality Shows Aired During 2013MYTHBUSTERS
6.5%

You're not logged in!

Compare scores with friends on all Sporcle quizzes.
Join for Free
OR
Log In

You Might Also Like...

Show Comments

Extras

Top Quizzes Today


Score Distribution

Your Account Isn't Verified!

In order to create a playlist on Sporcle, you need to verify the email address you used during registration. Go to your Sporcle Settings to finish the process.

Report this User

Report this user for behavior that violates our Community Guidelines.

Details: